Normal view
MARC view
- Butt, Dr Muhammad Yunus
Entry Personal Name
001 - CONTROL NUMBER
- control field: 80918
003 - CONTROL NUMBER IDENTIFIER
- control field: NUST
005 - DATE AND TIME OF LATEST TRANSACTION
- control field: 20210707092315.0
008 - FIXED-LENGTH DATA ELEMENTS
- fixed length control field: 210707|| aca||aabn | a|a d
040 ## - CATALOGING SOURCE
- Original cataloging agency: NUST
- Transcribing agency: NUST
100 ## - HEADING--PERSONAL NAME
- Personal name: Butt, Dr Muhammad Yunus
670 ## - SOURCE DATA FOUND
- Source citation: Work cat.: (NUST): Butt, Dr Muhammad Yunus , Mazah Pursi
